Представление документа в формате MARC21

Поле Инд. ПП Название Значение
Тип записи a
Библиографический уровень m
001 Контрольный номер c291609e-5a24-4af1-8acf-ef7aa46fbcd4
005 Дата корректировки 20140227055530.5
008 Кодируемые данные 060607s1980 rur a 000u 0rus d
020 c Цена, тираж 0.80
040 a Служба первич. каталог. RuMoRKP
040 a Служба первич. каталог. НБ ТвГУ
041 a Код языка текста rus
080 a Индекс УДК 519.17
a Индекс УДК 621.391
084 a Индекс другой классификации/Индекс ББК В174.2
a Индекс другой классификации/Индекс ББК В182
090 a Полочн. индекс В174.2
x Авторский знак К 18
100 1_ a Автор Камерон П.
q Полное имя Камерон П.
245 00 a Заглавие Теория графов, теория кодирования и блок-схемы
c Ответственность пер. с англ. Б. С. Стечкина
260 0_ a Место издания Москва
b Издательство Наука
c Дата издания 1980
300 a Объем 139 с.
b Иллюстрации/ тип воспроизводства ил.
c Размеры 20 см.
500 a Примечание Документ создан на книгу, но есть еще "Электронный ресурс". - Извлечено из: Математические основы программирования. - М., 2005. - (Электронная библиотека)
504 a Библиография Библиогр.: с. 134-136 (45 назв.)
650 a Основная рубрика Графов теория [мат.]
650 a Основная рубрика Кодирование
650 a Основная рубрика Математическая кибернетика
653 a Ключевые слова АВМ
a Ключевые слова CD-ROM
700 1_ a Другие авторы Линт Дж. ван
q Полное имя ван Линт, Д.
700 1_ a Другие авторы Стечкин Б. С.
e Роль лиц пер.
773 w Контрольный № источника 544d0b57-f86c-4c28-acf4-d1bec6fe9e6a-54
852 t Порядковый номер экземпляра 3
q Физ. особенности экз. к
p Инвентарный номер 547057
p Инвентарный номер 482039
p Инвентарный номер 482040
920 a Оператор Густ
930 a Новая/Ретро CD-ROM
a Новая/Ретро АВМ
a Новая/Ретро Электронный ресурс
954 a Дата поступления на обработку 20090310
999 a Подразделение 2 Фил3